LEADER 01027nam a2200217 i 4500 001 000000234999 003 CaOOAMICUS 005 20141027000000.0 008 141027s1822 it u000 u ita u 013 $a213902 026 $ao.r- e-er o.5. daSa (3) 1822 (A) 040 $aSeMil$bita 245 10$aTomo 7. 300 $a255, [1] p. 500 $aSegn. : A-Q8. 773 0 $aNovaes, Giuseppe : da $tElementi della storia de' sommi pontefici da san Pietro sino al felicemente regnante Pio papa 7. ed alla santità sua dedicati per l'uso de' giovani studiosi, raccolti dal canonico Giuseppe de Novaes patrizio portoghese. Tomo 1. [-16. parte 2.].$dRoma : Presso Francesco Bourlié : si vende da Domenico Minù, incontro al Caravita num. 177, 1821.$bTerza edizione corretta ed ampliata.$g7$w()30816 850 $aSeMil 852 $aSeMil$W1$xVenegono$y1$m3B II 97 FA$j185345$B185345$CSeMilBibl$Z2$F196221 $8I 941 1 $a10 961 $aRecupero: Mantegazza 996 $6245$aTomo 7$9(OLS)http://semarc/title/194411 LEADER 01045nam a2200205 i 4500 001 000000237545 003 CaOOAMICUS 005 20150102000000.0 008 150102s1730 it u000 u fre u 013 $a216450 026 $antns 'yve 8.s. etde (3) 1730 (R) 040 $aSeMil$bita 245 10$aTome premier, contenant l'histoire des deux premiers siecles. 300 $a[12], 327, [1] p. 773 0 $aLe Sueur, Jean$tHistoire de l'Eglise et de l'Empire depuis la naissance de Jesus-Christ, jusuq'à la fin du 10. siècle ... par Jean Le Sueur. Tome 1. [-8.].$bNouvelle edition, revue, corrigée, augmentée, de quantité de remarques & des autoritez qui manquoient aux précedentes, & retouchée dans le langage$dA Amsterdam : Chez Pierre Mortier, 1730.$g1$w()31214 850 $aSeMil 852 $aSeMil$W1$xVenegono$y1$m3B V 62 FA$j187891$B187891$CSeMilBibl$Z2$F198815 $8I 941 1 $a10 961 $aRecupero: Mantegazza 996 $6245$aTome premier, contenant l'histoire des deux premiers siecles$9(OLS)http://semarc/title/338548